| 000 | 00483nam a22002057a 4500 | ||
|---|---|---|---|
| 001 | 22171 | ||
| 005 | 20260401102023.0 | ||
| 008 | 260401b |||||||| |||| 00| 0 spa d | ||
| 041 | _aESP | ||
| 082 |
_a345.7C5 _b C76 |
||
| 100 |
_a Tomaylla Rojas, Miriam Mabel _eAUT |
||
| 245 | _aCódigo procesal civil | ||
| 260 |
_a : _b , _c2007 |
||
| 300 |
_a351 páginas : _b ; _c23 cm. |
||
| 440 | _a ; | ||
| 650 | _aDER | ||
| 654 | _aCDE | ||
| 700 | _a; | ||
| 942 |
_cLIB _dJUS _fJUS _n0 _2ddc |
||
| 999 |
_c22171 _d22171 |
||